Amanecer en Manhattan
Guardat en:
| Autor principal: | |
|---|---|
| Format: | Llibre |
| Idioma: | anglès |
| Publicat: |
Temuco
Arauco
1985
|
| Matèries: | |
| Etiquetes: |
Afegir etiqueta
Sense etiquetes, Sigues el primer a etiquetar aquest registre!
|
MARC
| LEADER | 00000nam a2200000 a 4500 | ||
|---|---|---|---|
| 001 | UCX4138 | ||
| 003 | CL-VaPUC | ||
| 008 | 920318e19850000CL |||||||||||||||||eng|d | ||
| 082 | 0 | 4 | |a Ch863 |b MUÑ |2 21 |
| 100 | |a Muñoz, Silverio |e autor |9 322598 | ||
| 245 | 1 | 0 | |a Amanecer en Manhattan |
| 300 | |a 76 p | ||
| 942 | |c BK | ||
| 945 | |d 19920318 00:00:00 | ||
| 260 | |a Temuco |b Arauco |c 1985 | ||
| 650 | 0 | |a Cuentos chilenos |9 308280 | |
| 583 | |a last modification |c 20120709 10:30:14 |k Rodrigo Vera | ||
| 999 | |c 224696 |d 224694 | ||
| 952 | |0 0 |1 0 |4 0 |6 CH_863_000000000000000_MUÑ_1985 |7 0 |8 A |9 221561 |a BIBEDU |b BIBEDU |d 2019-11-15 |i 2903563 |o Ch863 MUÑ 1985 |p 2903563 |r 2019-11-15 |w 2019-11-15 |y BK |k LIT | ||